000 00838nam a2200265Ia 4500
003 OSt
005 20220924124029.0
006 a|||||r|||| 00| 0
007 ta
008 220923b |||||||| |||| 00| 0 urd d
020 _a9788180422133 (hbk)
020 _c300
024 _a259803
037 _bMPH/6063/2, 14/01/2012, Modern Publishing House
_cTextual
040 _aARTS
_cARTS
_burd
041 _2urd
_aurd
082 _aO1593,3N40,GG, 168Q1
100 _aKhushalani Govind Au.
_9194572
245 0 _aGolestan ghaleez ho raha hai
260 _aNew Delhi
_b Modern Pub. House India
_c2011
300 _a318p.
_ccm.
650 _aSINDHI FICTION
942 _hO1593,3N40,GG, 168Q1
_cTEXL
_2CC
999 _c418086
_d418086